000
00341 a2200157 4500
001
75798
020
_a
9788535630619
040
_c
Anchieta - Colégio São Paulo
100
_a
Bastos, Ayssa Lima
240
1
0
_a
Aguardados
_l
por
245
1
0
_a
Aguardados
300
_a
[102]
362
0
_a
2012
650
4
_a
Literatura juvenil
942
_c
BK
999
_c
75798
_d
75798